000 00779cam a2200277 4500500
005 20260329005715.0
041 _afre
042 _adc
100 1 0 _aKlein, Étienne
_eauthor
245 0 0 _aÊtre démocrate, c’est quoi ?
260 _c2024.
500 _a31
690 _aCynthia Fleury
690 _aDémocratie
690 _aJan-Werner Müller
690 _aJean-Claude Monod
690 _aJohn Dewey
690 _aJustine Lacroix
690 _aMarcel Gauchet
690 _aPeuple
690 _aPolitique
690 _aPopulisme
690 _aPouvoir
786 0 _nPhilosophie magazine | 182 | 9 | 2024-09-01 | p. 24-24 | 1951-1787
856 4 1 _uhttps://shs.cairn.info/magazine-philosophie-magazine-2024-9-page-24?lang=fr&redirect-ssocas=7080
999 _c1845805
_d1845805